00737nam a2200217 4500001000700000003000900007005001700016007000300033008004100036020001800077100002700095245009900122260003000221300002100251490001700272700003100289830002500320852003300345999001900378952012200397122995ES-MaACL20230906192102.0t|070214s1984 fr r ||||0| fre d a2-7073-0699-11 aPutnam, Hilary.99443410aRaison, vérité et histoire / cHilary Putnam ; traduit de l'anglais par Abel Gerschenfeld. aParis : bMinuit, c1984. a242 p ; c22 cm.1 aPropositions1 aGerschenfeld, Abel.9564970 aPropositions9177824 aES-MaACLjL-11898 bR.113489 c122995d122995 00104070aATENEOMbATENEOMcDEPO2d2008-01-17eSCl0oL-11898p1128164r2023-02-23 00:00:00w2023-02-23yMONOGRAFIA